Capitales du Monde - Aléatoire - Statistiques

Statistiques générales
  • Ce quiz a été pris 2 532 fois
  • Le résultat moyen est 38 sur 50
Statistiques - réponses
Pays Capitale % Correct
Grèce Athènes
98%
Luxembourg Luxembourg
98%
Brésil Brasilia
97%
Argentine Buenos Aires
97%
Portugal Lisbonne
97%
Algérie Alger
96%
Pays-Bas Amsterdam
96%
Suisse Berne
96%
Belgique Bruxelles
96%
Danemark Copenhague
96%
Finlande Helsinki
96%
Monaco Monaco
96%
Russie Moscou
96%
Inde New Delhi
96%
France Paris
96%
États-Unis Washington
96%
Australie Canberra
95%
Royaume-Uni Londres
95%
Japon Tokyo
95%
Autriche Vienne
95%
Allemagne Berlin
94%
Égypte Le Caire
94%
Norvège Oslo
94%
Chine Pékin
94%
Italie Rome
94%
Tunisie Tunis
94%
Irlande Dublin
93%
Ukraine Kiev
93%
Maroc Rabat
93%
Turquie Ankara
92%
Israël Jérusalem
92%
Mexique Mexico
92%
Canada Ottawa
92%
Panama Panama
92%
République Tchèque Prague
92%
Corée du Sud Séoul
92%
Pologne Varsovie
92%
Vatican Vatican
92%
Andorre Andorre-la- Vieille
91%
Roumanie Bucarest
91%
Pérou Lima
91%
Espagne Madrid
91%
Biélorussie Minsk
91%
Afrique du Sud Pretoria / Le Cap / Bloemfontein
91%
Islande Reykjavik
91%
Saint-Marin Saint-Marin
91%
Suède Stockholm
91%
Serbie Belgrade
90%
Colombie Bogotá
90%
Qatar Doha
90%
Bolivie La Paz / Sucre
90%
Bulgarie Sofia
90%
Croatie Zagreb
90%
Hongrie Budapest
89%
Cuba La Havane
89%
Uruguay Montevideo
89%
Chili Santiago
89%
Singapour Singapour
89%
Sénégal Dakar
88%
Viêt Nam Hanoï
88%
Indonésie Jakarta
88%
Corée du Nord Pyongyang
88%
Estonie Tallinn
88%
Malte La Valette
87%
Lituanie Vilnius
87%
Émirats Arabes Unis Abou Dabi
85%
Mongolie Oulan-Bator
85%
Arabie Saoudite Riyad
85%
Albanie Tirana
85%
Thaïlande Bangkok
84%
Liban Beyrouth
84%
Venezuela Caracas
84%
Djibouti Djibouti
84%
Koweït Koweït
84%
Bosnie- Herzégovine Sarajevo
84%
Iran Téhéran
84%
Guatemala Guatemala
83%
Afghanistan Kaboul
83%
Népal Katmandou
83%
Malaisie Kuala Lumpur
83%
Philippines Manille
83%
Lettonie Riga
83%
Liechtenstein Vaduz
83%
Irak Bagdad
82%
Syrie Damas
82%
Chypre Nicosie
82%
Nouvelle-Zélande Wellington
82%
Slovaquie Bratislava
81%
Slovénie Ljubljana
80%
Kenya Nairobi
80%
Équateur Quito
80%
Macédoine du Nord Skopje
80%
Azerbaïdjan Bakou
79%
Rép du Congo Brazzaville
79%
Moldavie Chișinău
79%
Pakistan Islamabad
79%
Rép. Dém. du Congo Kinshasa
79%
Haïti Port-au-Prince
79%
Madagascar Antananarivo
78%
Mali Bamako
78%
Jamaïque Kingston
78%
Yémen Sanaa
78%
Taïwan Taipei
78%
République Dominicaine Saint-Domingue
77%
Côte d'Ivoire Yamoussoukro
77%
Paraguay Asunción
76%
Arménie Erevan
75%
Libye Tripoli
75%
Gabon Libreville
74%
Costa Rica San José
74%
Cameroun Yaoundé
74%
Monténégro Podgorica
73%
Salvador San Salvador
73%
Géorgie Tbilissi
73%
Belize Belmopan
72%
Bangladesh Dacca
72%
Kosovo Pristina
72%
Jordanie Amman
71%
Bahamas Nassau
71%
Sao Tomé-et- Principe Sao Tomé
71%
Togo Lomé
70%
Kazakhstan Noursoultan
70%
Éthiopie Addis-Abeba
69%
Guinée-Bissau Bissau
69%
Oman Mascate
69%
Burkina Faso Ouagadougou
69%
Ghana Accra
68%
Angola Luanda
67%
Ouzbékistan Tachkent
67%
Soudan Khartoum
66%
Cambodge Phnom Penh
66%
Guinée Conakry
65%
Guyana Georgetown
65%
Niger Niamey
65%
Kirghizistan Bichkek
64%
Suriname Paramaribo
64%
Maurice Port-Louis
64%
Laos Vientiane
64%
Nigeria Abuja
63%
Turkménistan Achgabat
63%
Maldives Malé
63%
Tchad Ndjamena
63%
Bénin Porto-Novo
63%
Sierra Leone Freetown
62%
Nicaragua Managua
62%
Cap-Vert Praia
62%
Honduras Tegucigalpa
62%
Somalie Mogadiscio
61%
Papouasie- Nouvelle-Guinée Port Moresby
61%
Seychelles Victoria
61%
Zimbabwe Harare
60%
Trinité-et-Tobago Port-d'Espagne
60%
Eswatini Mbabane
59%
Bhoutan Thimphou
59%
Mauritanie Nouakchott
58%
Sri Lanka Sri Jayawarde- -nepura Kotte
58%
Brunei Bandar Seri Begawan
57%
Soudan du Sud Djouba
57%
Rwanda Kigali
57%
Bahreïn Manama
57%
Birmanie Naypyidaw
57%
Dominique Roseau
57%
Tanzanie Dodoma
56%
Tadjikistan Douchanbé
56%
Comores Moroni
56%
Timor Oriental Dili
55%
Malawi Lilongwe
55%
Mozambique Maputo
55%
Liberia Monrovia
55%
Vanuatu Port-Vila
55%
Grenade Saint George's
55%
Fidji Suva
55%
Érythrée Asmara
54%
République Centrafricaine Bangui
54%
Saint-Christophe- et-Niévès Basseterre
54%
Sainte-Lucie Castries
54%
Ouganda Kampala
54%
Zambie Lusaka
54%
Antigua-et- Barbuda Saint John's
54%
Burundi Gitega
52%
Barbade Bridgetown
51%
Namibie Windhoek
51%
États Fédérés de Micronésie Palikir
50%
Gambie Banjul
48%
Tuvalu Funafuti
48%
Saint-Vincent-et- les-Grenadines Kingstown
48%
Lesotho Maseru
48%
Botswana Gaborone
47%
Nauru Yaren
47%
Samoa Apia
46%
Îles Marshall Majuro
45%
Guinée Équatoriale Malabo
44%
Palaos Ngerulmud
44%
Tonga Nukuʻalofa
44%
Îles Salomon Honiara
43%
Kiribati Tarawa
43%
Aucun quiz correspondant
Distribution des résultats
% des personnes avec chaque résultat
Percentile par nombre de réponses
Votre historique - résultats
Vous n’avez pas pris ce quiz